000 00426nam a22001817a 4500
003 MPLRDC
005 20220104113629.0
008 210129b ||||| |||| 00| 0 eng d
020 _a962-357-198-4
082 _a857.621 NK-2 v.9
100 _a倪匡
245 _a自杀阴谋
_c
260 _a
_b明窗出版社
_c1990
300 _b
490 _a科幻系列
650 _a科幻小说
942 _cBK
_o857.621 NK-2 v.9
999 _c1125
_d1115